[Event "Bad Zwesten op 4th"]
[Site "Bad Zwesten"]
[Date "2000.01.07"]
[Round "7"]
[White "Naiditsch, Arkadij"]
[Black "Chuchelov, Vladimir"]
[Result "0-1"]
[WhiteElo "2441"]
[BlackElo "2518"]
[Annotator "Chuchelov,V"]
[PlyCount "70"]
[EventDate "2000.01.??"]
[EventType "swiss"]
[EventRounds "9"]
[EventCountry "GER"]
[SourceTitle "CBM 075"]
[Source "ChessBase"]
[SourceDate "2000.04.05"]
[SourceVersion "1"]
[SourceVersionDate "2000.04.05"]
[SourceQuality "1"]

1. e4 c5 2. Nf3 e6 3. g3 Nc6 4. Bg2 Nf6 5. d3 Be7 6. O-O d5 7. Qe2 O-O 8. e5
Ne8 9. h4 $146 (9. c4 Nc7 10. Nc3 Rb8 11. h4 (11. Rd1 b5 12. b3 f5 $5 13. cxd5
exd5 (13... Nxd5 $5) 14. d4 Ba6 15. Qe3 (15. Qc2 $5 b4 (15... c4 $5 16. bxc4
bxc4 $13) 16. Na4 c4 17. bxc4 Bxc4 18. Nb2 Bb5 $13) 15... Ne6 16. Ne2 (16. dxc5
$5 Bxc5 17. Qe2 d4 $13 18. Na4 $140 $2 d3 $1 19. Nxc5 dxe2 20. Rxd8 Rbxd8 $19)
16... b4 $13 {1-0 Psakhis,L-Strikovic,A/Erevan 1996/EXT 97/[Psakhis] (42)})
11... b5 12. Ng5 $6 (12. Rd1) 12... Nd4 13. Qh5 h6 14. Nf3 (14. Nh3 bxc4 15.
dxc4 Ba6) 14... Nf5 $5 (14... bxc4 $5 15. dxc4 Ba6 16. Nd2 f6 17. exf6 Bxf6 $36
18. Rd1 $140 Nc2 19. Rb1 Bd4) 15. Re1 bxc4 16. dxc4 dxc4 $13 {Dgebuadze 2510 -
Chuchelov 2533 Leuven 1999}) 9... b5 10. c3 a5 11. Ng5 Nc7 12. Bf4 Qe8 13. Nd2
a4 14. Ndf3 Ba6 15. b3 $2 (15. Nh2 Rc8 $5 (15... b4 16. Ng4 bxc3 17. Nxh7 (17.
bxc3 Nb5 18. Rfc1 Qd7) 17... Kxh7 (17... cxb2 18. Ngf6+ gxf6 19. Nxf6+ Bxf6 20.
Qg4+ Bg5 21. Qxg5+ Kh7 22. Qh5+ Kg8 23. Bh6 Nxe5 24. Qg5+ Ng6 25. Qf6 $18) 18.
Nf6+ Bxf6 (18... gxf6 19. Qh5+ Kg8 20. Qg4+ Kh7 21. Qh5+)) 16. Ng4 Kh8 $5 17.
Nxh7 Kxh7 18. Nf6+ gxf6 19. Qh5+ Kg8 20. Qg4+ (20. Bh6 Nxe5) 20... Kh8 21. Qh5+
$11) 15... Bb7 $1 16. Nh2 b4 17. c4 (17. cxb4 Nxb4 {xd3}) 17... Nd4 18. Qh5
Bxg5 $1 19. hxg5 $2 (19. Qxg5 axb3 20. axb3 Nxb3 21. Ng4 Kh8 22. Rab1 Ra3 $17 (
22... Nd4 23. Be3)) 19... f5 $1 20. Qd1 (20. Qxe8 Rfxe8 $17 {xb3}) 20... axb3
21. axb3 Rxa1 22. Qxa1 Nxb3 23. Qa2 (23. Qa7 Qc6 {/\Ra8}) 23... Nd4 24. Be3 Qa8
$1 25. Qxa8 Rxa8 26. Bxd4 cxd4 27. Rb1 Ra4 28. cxd5 $138 Nxd5 $1 (28... Bxd5
29. Bxd5 Nxd5 30. Nf3 Nc3 31. Rb2 Nb5 32. Kf1) 29. Rb3 Ra3 30. Bxd5 Bxd5 31.
Rxb4 Rxd3 $19 32. Rb1 Kf7 33. Kf1 Kg6 34. Ke2 Bc4 35. Rb4 Rc3+ 0-1

[Event "Fourmies op 22nd"]
[Site "Fourmies"]
[Date "1998.??.??"]
[Round "?"]
[White "Boudre, Jean Pierre"]
[Black "Chuchelov, Vladimir"]
[Result "0-1"]
[WhiteElo "2380"]
[BlackElo "2545"]
[Annotator "Chuchelov,V"]
[PlyCount "70"]
[EventDate "1998.05.30"]
[EventType "swiss"]
[EventRounds "6"]
[EventCountry "FRA"]
[SourceTitle "CBM 066"]
[Source "ChessBase"]
[SourceDate "1998.09.30"]
[SourceVersion "1"]
[SourceVersionDate "1998.09.30"]
[SourceQuality "1"]

1. e4 c5 2. Nf3 e6 3. g3 Nc6 4. Bg2 Nf6 5. Qe2 d6 6. O-O Be7 7. c3 (7. b3 O-O
8. Bb2 e5 9. Na3 Re8 10. Nc4 Bf8 11. a4 $6 (11. d3 $11) 11... Nxe4 12. Qxe4 d5
13. Qe2 dxc4 14. bxc4 e4 15. Ne1 (15. Nh4 g5 16. Bxe4 Bg7 $1 $17) 15... Bf5 $17
{Jansa 2440 - Chuchelov 2545 Echternach 1998}) 7... O-O 8. d4 cxd4 9. cxd4 d5
10. e5 Ne4 (10... Nd7 11. Nc3 Nb6 12. h4 a5 13. Bg5 a4 14. Nb5 Na5 15. b3 Bd7
16. Qd3 h6 17. Bd2 Bc6 18. Rab1 axb3 19. axb3 Bxb5 20. Qxb5 Nc6 21. Ra1 Qc7 22.
Rfc1 Rxa1 23. Rxa1 Ra8 24. Rc1 Nd7 $11 {Spassky,B-Ioseliani,N/Kobenhavn 1997/
Inf 70}) 11. Rd1 (11. Nbd2 Nxd2 12. Bxd2 Qb6 13. Be3 Bd7 $13) (11. Nc3 Nxc3 12.
bxc3 Bd7 $13) 11... f6 $1 12. Be3 Bd7 13. exf6 Bxf6 14. Nbd2 Nd6 $1 15. Nb3 b6
16. Rac1 Nf5 17. Bf4 Rc8 18. Ne5 Bxe5 19. Bxe5 (19. dxe5 Nh4 $1) 19... a5 20.
Bh3 (20. Qg4 a4 21. Nd2 Nxe5 22. dxe5 Qe7 23. a3 Rc5) 20... a4 21. Bxf5 (21.
Nd2 Ncxd4) 21... exf5 $6 (21... Rxf5 $142 22. Nd2 Nxe5 23. dxe5 Be8 $15) 22.
Nd2 f4 $1 23. Bxf4 Nxd4 24. Qe5 Rxc1 25. Rxc1 Qf6 26. Rc7 $6 (26. Qxd5+ Be6 27.
Qe4 Bxa2 28. Ra1 Bb3 29. Nxb3 axb3 30. Ra7 $36) 26... Bh3 $1 27. f3 $5 (27.
Qxd5+ Kh8 28. Qe4 $1 Ne6 29. Rc6 a3 $36) (27. Qxf6 Ne2+ 28. Kh1 Rxf6 $17) 27...
Qxe5 28. Bxe5 Nxf3+ 29. Nxf3 Rxf3 30. Rc1 Kf7 31. Rd1 b5 32. Bd4 g5 33. Bf2 Ke6
34. Rd4 Ke5 35. Rd2 Rf7 $17 {...} 0-1

[Event "Boeblinger op 35th"]
[Site "Boeblingen"]
[Date "2018.12.30"]
[Round "8"]
[White "Kostic, Vladimir G"]
[Black "Dann, Matthias"]
[Result "0-1"]
[WhiteElo "2326"]
[BlackElo "2539"]
[Annotator "Dann,M"]
[PlyCount "92"]
[EventDate "2018.12.26"]
[EventType "swiss"]
[EventRounds "9"]
[EventCountry "GER"]
[SourceTitle "EXT 2020"]
[Source "ChessBase"]
[SourceDate "2019.10.17"]
[SourceVersion "1"]
[SourceVersionDate "2019.10.17"]
[SourceQuality "1"]

{[%evp 0,92,21,21,31,-8,3,0,0,0,0,-15,-21,-77,-9,-36,-31,-31,-42,-58,-37,-35,
-35,-39,-15,-19,19,-17,-17,-13,16,-23,-7,-58,-14,-74,-35,-67,-15,-62,-24,-51,
-15,-81,-41,-44,-36,-36,-23,-120,-96,-116,-111,-112,-124,-96,-107,-120,-127,
-148,-151,-153,-152,-152,-153,-188,-166,-207,-226,-233,-218,-225,-215,-240,
-229,-248,-248,-249,-249,-243,-244,-247,-245,-254,-225,-240,-252,-248,-264,
-305,-316,-314,-324,-324,-324]} 1. e4 e6 2. d3 d5 3. Qe2 (3. Nd2 {is more
common. White aims for a Kings-Indian-Attack setup with g3, Bg2, Ngf3 and so
on.}) 3... Be7 4. Nf3 Nc6 (4... Nf6 {is by far the main move.} 5. g3 b5 $5 {
looks interesting.} (5... c5 6. Bg2 Nc6 7. O-O O-O 8. e5 Nd7 9. c4 {see for
example: 1-0 (32) Carlsen,M (2837)-Ding,L (2774) Saint Louis 2017}) 6. Bg2 dxe4
7. dxe4 b4 {[%cal Yc8a6,Ya6f1]} 8. a3 (8. Nbd2 Ba6 9. Nc4 O-O {[%csl Rc4][%cal
Gb8d7,Gd7b6,Ya6e2] White is in this uncomfortable pin.}) 8... Ba6 9. Qd2 Nc6
$132 {1/2-1/2 (65) Timman,J (2655)-Kortschnoj,V (2659) Wijk aan Zee 2000}) 5.
c3 (5. g3 $5 {poses more problems for black.} dxe4 (5... Nf6 6. Bg2 e5 7. exd5
Qxd5 8. O-O Bg4 9. Re1 $14) 6. dxe4 e5 7. Bg2 Nf6 (7... Bg4 8. c3 $36 {1-0 (55)
Kuyindzhi,A (2435)-Trescher,M (2218) Rijeka 2011}) 8. O-O Bg4 9. c3 Qc8 {
looks OK for black.}) 5... Nf6 (5... e5 {is better then ...Nf6.} 6. b4 a6 7.
Qc2 f5 $5 {this is an extra option which black niormally does not have (most
of the time a knight is on f6).}) 6. Qc2 {White is switching to a
Philidor-setup with reversed colours. Black will also lose a tempo with ...
e6-e5} (6. e5 Nd7 7. d4 f6 8. exf6 Nxf6 9. g3 O-O 10. Bg2 Bd6 11. O-O Qe8 {
The engine likes the white position.}) 6... a5 {preventing b4.} 7. Be2 e5 8.
O-O O-O {[%csl Re5][%cal Gf1e1,Gb1d2,Ye4d5,Ge1e5,Gd2c4,Gc4e5,Gf3e5] [#] Now
there is a Philidor-position with reversed colours. The black bishop would be
more active on c5, but there he can be attacked via d4 in some positons. White
should generate his typical counterplay against e5 via Re1, Nbd2, Bf1 and take
at the right moment on d5.} 9. a4 {This move secures the outpost on c4 for the
knight, but there is no longer the plan with a3 and b4.} (9. Nbd2 Re8 10. Re1
Bf8 11. Bf1 g6 12. b3 {[%cal Ga2a3,Gb3b4] White plans Bb2, a3 and b4, slow but
effective.} h6 13. Bb2 Bg7 14. a3 Be6 15. b4 $132 {1-0 (50) Mrdja,M (2425)
-Piot,O (2248) Clichy 2000}) 9... Re8 10. Na3 (10. Re1 h6 11. h3 Bf8 12. Na3
Be6 13. Nb5 Qd7 14. Bf1 Rad8 {with an equal position. GM Jobava is one of the
experts for the white setup. 1-0 (55) Jobava,B (2712)-Bindrich,F (2604)
Austria 2017}) 10... h6 11. Nb5 Bf8 12. h3 (12. Nh4 $5 Be6 $15 {[%csl Rh4]})
12... Nb8 $5 {[%csl Rb5][%cal Gb8d7,Gd7f8,Gf8g6,Yc7c6] Black will kick out the
knight on b5 and manouvre his knight on b8 to g6.} 13. Re1 (13. exd5 Nxd5 {
is a small advantage for black.}) 13... c6 14. Na3 Nbd7 15. Bf1 Bd6 {It is not
easy to recommend a plan for white.} 16. Nb1 Nf8 17. g3 Ng6 {[%csl Ge5][%cal
Yg6e5] The knight is not doing that much, but since e5 is such an important
square, it is good to overportect it.} 18. Bg2 b6 19. Nbd2 Ba6 {[%csl Rd3] The
square d3 is the weakest square in the white camp.} 20. Nh2 (20. Nf1 Qd7 {
[%cal Ga8d8] next will be ...Rad8. White can't put a piece on e3:} 21. Ne3 $2
Bxd3 $1 22. Qxd3 dxe4 $17) 20... Ra7 {[%csl Ra8][%cal Yg2a8,Ga7d7] is a nice
way to develope the rook on a8. The constellation Rd7 and Qd8 is more
effective than Qd7/Rd8 for the fight for d3.} 21. Nb3 Rd7 22. Ng4 Nxg4 (22...
Bf8 23. Nxf6+ Qxf6 $15) 23. hxg4 {[%csl Rg4] Black hoped that g4 will be a
weakness in the future.} Bf8 24. c4 $6 {[#] Black had a small advantage
because of some inuccarate moves from white, but 24.c4 is a larger mistake.} (
24. exd5 cxd5 25. Be3 d4 26. cxd4 exd4 27. Bd2 Ne5 $17) 24... dxc4 25. dxc4 Bb4
26. Rf1 (26. Re2 Rd1+ {can't be good for white.}) 26... Nf8 27. Be3 Ne6 28.
Rfd1 c5 (28... Nd4 {saves big advantage as well.}) 29. Rd5 Nd4 30. Bxd4 exd4 (
30... cxd4 {is another way to play the position, maybe this is stronger since
the Bb4 will always get back into the game.} 31. Bf1 $17) 31. Bf1 Bb7 32. Nc1
$5 (32. Rxd7 Qxd7 33. f3 Bc6 34. Nc1 Qd6 {with a winning position for black,
but the right conitnuation is not obvious:} 35. Qf2 (35. Qh2 {changes nothing}
h5 $1 $19) 35... h5 $3 36. gxh5 Qh6 $1 {[%cal Gb4d2,Gd2e3]} 37. Nd3 Bd2 $19)
32... Qc8 33. g5 $2 {This is too much.} (33. f3 Rde7 34. Nd3 g6 35. Kg2 Kg7 $15
{Black is better, but it is not easy to make progress.} (35... Bxd5 36. cxd5
$13 {[%cal Gf1b5] gives white very good counterplay.})) 33... Rde7 34. f3 (34.
gxh6 Rxe4 35. Rg5 g6 $19) 34... Bxd5 35. cxd5 hxg5 $19 {[%csl Rd5,Re4,Rf3]
[%cal Gg5g4] Now black has an exchange plus a pawn.} 36. g4 $8 {Otherwise ...
g4 would have followed.} Qb8 37. Qh2 Qxh2+ 38. Kxh2 Bd2 39. Bb5 (39. Nd3 c4 $19
) 39... Bxc1 40. Rxc1 (40. Bxe8 Bf4+ $19) 40... Rd8 {[%cal Rd5d6,Re4e5,Gg7g6,
Gf7f5] The rest is technique: black stops e5 and d6 and prepares ...f5.} 41.
Kg3 f6 42. Rh1 g6 43. Re1 Kg7 (43... Rxd5 $4 44. Bc4 $18) 44. Rd1 f5 45. gxf5
gxf5 46. Bd3 fxe4 {White resigned.} (46... fxe4 47. fxe4 (47. Bxe4 Re5 $19 {
[%csl Rd5][%cal Gd8d5] Black takes on d5 in the next moves which leads to a
rook engame with two healthy pawns up.}) 47... c4 48. Bxc4 Rxe4 49. Kf3 Rf4+
50. Ke2 g4 $19) 0-1

[Event "Haifa"]
[Site "Haifa"]
[Date "1995.??.??"]
[Round "2"]
[White "Psakhis, Lev"]
[Black "Smirin, Ilia"]
[Result "1-0"]
[WhiteElo "2625"]
[BlackElo "2630"]
[Annotator "Dolmatov,S"]
[PlyCount "85"]
[EventDate "1995.01.??"]
[EventType "tourn"]
[EventRounds "11"]
[EventCountry "ISR"]
[EventCategory "14"]
[SourceTitle "CBM 046"]
[Source "ChessBase"]
[SourceDate "1995.06.01"]
[SourceVersion "1"]
[SourceVersionDate "1995.06.01"]
[SourceQuality "1"]

1. e4 c5 2. Nf3 e6 3. d3 Nc6 4. g3 Nf6 5. Bg2 Be7 6. O-O d5 $6 (6... b6 7. Qe2
Bb7 $132) 7. Qe2 O-O 8. e5 Nd7 9. c4 d4 (9... dxc4 10. dxc4 Qc7 11. Bf4 a6 12.
Nc3 Rb8 13. Rad1 $16) 10. h4 Kh8 11. Bf4 f6 12. Nbd2 (12. exf6 $2 gxf6 13. Qxe6
Nde5 $132) 12... Qe8 (12... fxe5 13. Nxe5 (13. Bxe5 Ndxe5 (13... Rf5 14. Bf4 e5
15. Bg5 h6 16. Bxe7 Qxe7 17. Rae1 $16) 14. Nxe5 Nxe5 15. Qxe5 Bd6 16. Qe2 $16)
13... Ncxe5 14. Bxe5 Rf5 15. Nf3 $16) 13. Bh3 f5 14. Ng5 Bd8 15. Bg2 h6 16. Nh3
Rg8 $6 (16... Ne7 17. h5 Nb8 18. Bf3 Nbc6 19. Kg2 $16) 17. Bxc6 $1 bxc6 18. h5
Nf8 19. Kg2 Bd7 20. Rh1 a5 $2 (20... Qe7 $5 $14 {/\Be8-f7}) 21. Ng1 Qf7 (21...
Qe7 $5 22. Ndf3 Be8 $132) 22. Ndf3 Be8 23. Qc2 Qd7 24. Ne2 Bf7 25. Bd2 Qe8 26.
Nf4 Ra7 27. Rae1 $18 Nh7 28. Qd1 Bg5 (28... Ng5 $2 29. Nh4) 29. Nxg5 Nxg5 (
29... hxg5 $2 30. Ng6+ Bxg6 31. hxg6 Qxg6 32. Rh5 $18) 30. b3 $1 {Qc1-a3} Nh7
31. Qc1 Nf8 32. f3 Nd7 $6 (32... Nh7 $5 {/\33.g4 fg 34.fg g5 35.hg Bg6 <=>} 33.
Qa3 Qe7) 33. g4 $1 $40 fxg4 34. fxg4 a4 35. g5 hxg5 36. Ng6+ Kh7 37. Bxg5 axb3
38. axb3 Bxg6 (38... Ra2+ 39. Kg3 Qb8 40. Qf4 $18) 39. hxg6+ Kxg6 40. Qd1 $1
Ra2+ (40... Kxg5 41. Kg3 $18) 41. Kg3 Rh8 42. Rxh8 Qxh8 43. Rh1 1-0

[Event "Novgorod"]
[Site "Novgorod"]
[Date "1995.06.04"]
[Round "8"]
[White "Ehlvest, Jaan"]
[Black "Vaganian, Rafael A"]
[Result "1-0"]
[WhiteElo "2615"]
[BlackElo "2640"]
[Annotator "Dolmatov,S"]
[PlyCount "75"]
[EventDate "1995.05.??"]
[EventType "tourn"]
[EventRounds "9"]
[EventCountry "RUS"]
[EventCategory "17"]
[SourceTitle "CBM 048"]
[Source "ChessBase"]
[SourceDate "1995.10.01"]
[SourceVersion "1"]
[SourceVersionDate "1995.10.01"]
[SourceQuality "1"]

1. e4 e6 2. Qe2 Nf6 $6 (2... c5 3. g3 Nc6 4. Bg2 $13) 3. e5 Nd5 (3... Ng8 4. f4
b6 5. Nf3 Bb7 6. g3 h5 7. d4 $14 {Vasiukov,E-Vaganian,R/URS/1981/ Inf 30/204/})
4. Nf3 d6 (4... c5 $5 5. Nc3 Nxc3 6. dxc3 d5 $132) 5. d4 Ne7 $6 (5... h6 $5) 6.
h4 b6 7. Nc3 d5 $6 $14 (7... Ba6 $5 8. Qe4 d5 9. Qg4 Bxf1 10. Kxf1 h5 $132) 8.
Qd1 Ba6 (8... c5 $5 9. Ne2 Ba6 10. c3 Nbc6 11. h5 $14) 9. Bxa6 Nxa6 10. Ne2 Qd7
11. c3 c5 12. Qd3 Nb8 13. h5 h6 14. Bd2 Nbc6 15. Nf4 Na5 16. O-O Nec6 17. b3
cxd4 (17... Be7 $5) 18. cxd4 Ba3 19. Ne1 $5 (19. Rab1 Nb4 (19... O-O $2 20. b4
Nc4 21. Rb3) 20. Bxb4 Bxb4 21. Rfc1 O-O $132) 19... Bb2 (19... Nb4 $6 20. Qg3
O-O $2 21. Nfd3 Nxd3 22. Bxh6) 20. Rb1 Bxd4 21. b4 Nc4 22. b5 Bxf2+ 23. Rxf2
N6xe5 24. Qg3 $16 O-O-O 25. Bc3 Rhg8 26. Nc2 Kb7 27. a4 Qc7 (27... g5 28. hxg6
Nxg6 29. Nh5) 28. Re1 Nd7 29. Nb4 $18 Nc5 30. Qf3 Ne4 (30... Nxa4 $2 31. Nbxd5
exd5 32. Nxd5 Qc5 33. Nb4+ $18) 31. Rxe4 a5 (31... dxe4 32. Qxe4+ Kc8 33. Na6)
32. bxa6+ Ka7 33. Rxe6 fxe6 34. Nxe6 Qd6 35. Nxd8 Rxd8 36. Qf4 d4 37. Qxd6 Rxd6
38. Bxd4 1-0

[Event "RUS-ch"]
[Site "Elista"]
[Date "1995.??.??"]
[Round "10"]
[White "Morozevich, Alexander"]
[Black "Glek, Igor Vladimirovich"]
[Result "1/2-1/2"]
[WhiteElo "2630"]
[BlackElo "2580"]
[Annotator "Dolmatov,S"]
[PlyCount "106"]
[EventDate "1995.10.??"]
[EventType "swiss"]
[EventRounds "11"]
[EventCountry "RUS"]
[SourceTitle "CBM 050"]
[Source "ChessBase"]
[SourceDate "1996.02.01"]
[SourceVersion "1"]
[SourceVersionDate "1996.02.01"]
[SourceQuality "1"]

1. e4 e6 2. d3 d5 3. Nd2 Nf6 4. Ngf3 b6 5. g3 (5. c3 $5 c5 6. g3 Ba6 7. c4 dxc4
8. dxc4 Nc6 9. Bg2 Qd7 10. O-O $14) 5... Ba6 6. Bg2 (6. e5 $5 Nfd7 7. Bg2 Nc6
8. Qe2 Nb4 9. Nf1 c5 (9... Nc5 $5 10. a3 Nbxd3+ 11. cxd3 Nxd3+ 12. Kd1 Qd7 $13)
10. a3 Nc6 11. h4 Qc7 12. Bf4 $14) 6... dxe4 7. Ng5 Be7 8. Ndxe4 Nxe4 9. Nxe4
O-O 10. O-O (10. Nf6+ $2 Bxf6 11. Bxa8 c6 $17) 10... Nd7 11. a4 Rb8 12. a5 Qc8
13. Re1 Bb7 14. h4 h6 15. Qe2 b5 $6 (15... Nf6 16. Bf4 Nxe4 17. Bxe4 Bxe4 18.
Qxe4 $10) 16. a6 Bd5 $6 (16... Bxa6 $5 17. Bd2 c5 $10) 17. Be3 c5 18. c4 bxc4
19. dxc4 Ba8 20. Red1 Nf6 (20... Rb6 21. Bf4) 21. Bf4 Rb6 22. Nd6 Bxd6 23. Rxd6
Rxd6 (23... Bxg2 24. Rxb6 $16) 24. Bxd6 Bxg2 $1 (24... Rd8 25. Be7 $16) 25.
Bxf8 Qc6 26. Be7 (26. Bxc5 $4 Bh3 $19) 26... Bh1 (26... Bh3 27. f3 $16) 27. Kf1
(27. Qf1 Nd7 28. Kh2 Bf3 29. Ra3 Ne5 $13) 27... Nd7 28. Ra3 f6 29. Re3 (29. f3
Ne5 30. Kf2 Qc7) (29. f4 Kf7 $14) 29... Kf7 (29... Ne5 30. Rxe5 fxe5 31. Qxe5
Qxa6) 30. Bd8 Ne5 31. Rxe5 fxe5 32. Qh5+ Kg8 33. Qxe5 Qd7 $6 (33... Qxa6 34.
Qxc5 Qa1+ 35. Ke2 Qxb2+ $10) 34. Ba5 Qd1+ 35. Qe1 Qg4 (35... Qd3+ 36. Qe2 Qb1+
37. Be1 $14) 36. Qe2 Bg2+ (36... Bf3 37. Qd3 Qh3+ 38. Ke1 $10) 37. Ke1 Bf3 38.
Qe3 Be4 39. Qe2 Qf5 40. Kd2 Bf3 41. Qe3 (41. Qd3 Be4 $10) 41... Bc6 42. Bc3 Ba4
43. f3 Bb3 44. Qd3 Ba2 45. Qd7 (45. Qxf5 exf5 46. Kd3 Bb1+ 47. Ke3 Ba2 $10)
45... Qg6 46. h5 Qg5+ 47. f4 Qxg3 48. Qxe6+ Kh7 49. Qe4+ Kh8 50. Kc2 Qf2+ 51.
Bd2 Qf1 52. Qe8+ Kh7 53. Qe4+ Kh8 1/2-1/2

[Event "ESP-chT CECLUB Honor"]
[Site "Linares"]
[Date "2014.09.04"]
[Round "1.4"]
[White "Svetushkin, Dmitry"]
[Black "Edouard, Romain"]
[Result "1/2-1/2"]
[WhiteElo "2580"]
[BlackElo "2674"]
[Annotator "Edouard,R"]
[PlyCount "120"]
[EventDate "2014.09.04"]
[EventType "team-tourn"]
[EventRounds "7"]
[EventCountry "ESP"]
[SourceTitle "CBM 163"]
[Source "ChessBase"]
[SourceDate "2014.11.11"]
[SourceVersion "1"]
[SourceVersionDate "2014.11.11"]
[SourceQuality "1"]
[WhiteTeam "Extremadura Magic"]
[BlackTeam "Sestao Naturgas"]
[WhiteTeamCountry "ESP"]
[BlackTeamCountry "ESP"]

1. e4 c5 2. Nf3 e6 3. d3 Nc6 4. g3 Nf6 5. Bg2 Be7 6. O-O O-O 7. Qe2 d6 8. c3 e5
9. Na3 h6 {A useful move, as otherwise ...BBe6 will be met by Ng5 and ...Bf8
by Bg5, in order to take on f5 and play on the white squares.} 10. Nc4 Re8 (
10... Be6 $5 11. Ne3 Ng4 $5 {also makes sense.} (11... d5 $6 12. exd5 Nxd5 13.
Nxe5 $14)) 11. Ne3 d5 $6 {Not the most precise.} (11... Be6 $5 {seems pretty
forcing:} 12. Nh4 d5 13. Nhf5 d4 14. Nd5 Nxd5 15. exd5 Bxd5 16. Bxd5 Qxd5 17.
Qg4 g6 18. Nxh6+ Kg7 19. c4 Qd8 20. Nf5+ Kg8 $11) (11... Bf8 $5 12. Nh4 g6 13.
Kh1 Bg7 $13 {0-1 (40) Naiditsch,A (2706)-Hansen,E (2587) ISL 2014}) 12. Ne1 $6
(12. exd5 Nxd5 13. Nxe5 Nxc3 14. bxc3 Nxe5 15. Rd1 {would give White some
initiative.}) (12. Nh4 d4 13. Nd5 Nxd5 14. exd5 Nb8 15. Nf3 Nd7 $132) 12... d4
$6 ({I wasn't sure how to assess the position after} 12... Be6 $1 13. f4 exf4
14. gxf4 d4 15. N3c2 Bf8 {but it seems Black is just better.}) 13. Nd5 dxc3 (
13... b5 $5 14. c4 bxc4 15. dxc4 Nb4 $132) 14. bxc3 Bf8 (14... Be6 $5) 15. Nc2
b5 16. Nce3 (16. a3 a5 $132) 16... b4 17. Nxf6+ (17. Bd2 bxc3 18. Bxc3 Nd4 $13)
17... Qxf6 18. Nd5 Qd8 19. c4 Nd4 20. Qd1 Be6 21. f4 exf4 22. gxf4 Qh4 (22...
a5 23. Be3 {is about equal.}) 23. Bb2 (23. Nc7 Bg4 24. Qe1 Qxe1 25. Rxe1 Nc2
26. Bb2 Rad8 27. Nxe8 Rxe8 $36) 23... Bg4 24. Qe1 Qxe1 25. Raxe1 Rab8 $5 (25...
Be2 26. Bxd4 (26. Rf2 Bxd3 27. Nc7 Bxc4 $13) 26... Bxf1 27. Kxf1 cxd4 28. Nc7
Rac8 29. Nxe8 Rxe8 30. e5 $5 Re6 31. Bd5 Ra6 32. e6 fxe6 33. Rxe6 $11) 26. Bxd4
cxd4 27. f5 (27. e5 b3 $1 (27... Bf5 28. Be4 Bxe4 29. Rxe4 b3 30. Re2 $1 $14)
28. axb3 Bf5 $13) 27... f6 28. Nc7 (28. Bf3 Bxf3 (28... Bh3 $2 29. Rf2 Bxf5 30.
Bh5 $16) 29. Rxf3 Rb7 $11) 28... Re5 29. Bf3 Bh3 30. Bg2 Bxg2 $6 {
Overestimating my chances.} (30... Bg4 $11) 31. Kxg2 Ra5 32. Re2 b3 33. axb3
Rxb3 34. Rf3 Ra1 (34... Bd6 35. Ne6 Be5 36. Kh3 Kf7 37. Rg2 Raa3 38. Rxg7+ Ke8
{might be a better defence, though White is pressing.}) 35. Ne6 Raa3 36. Nxd4 (
36. c5 $5 Rc3 37. Rb2 Rab3 38. Rxb3 Rxb3 39. c6 Rc3 40. Nxd4 Bc5 41. Ne6 $14)
36... Rxd3 37. Rxd3 Rxd3 38. Ne6 Rc3 $2 (38... Bb4 $1 39. c5 Kf7 40. c6 (40.
Rc2 Rc3 $132) 40... Rc3 $11) 39. Rb2 (39. Rd2 $144) 39... Bd6 40. Rd2 Be7 (
40... Be5 41. c5 a5 42. Rd8+ Kf7 43. Rd7+ Ke8 44. Ra7 $16) 41. Rd7 Kf7 42. c5
Ke8 ({After the 40th move I had the unpleasant surprise to notice that} 42...
a5 43. Ra7 a4 {was losing to} 44. c6 $18) 43. Rc7 $6 ({Much more dangerous
would be} 43. Rxa7 {but after} Bxc5 44. Nxg7+ Kf8 45. Ne6+ Ke8 {I fail to find
a clear win for White, e.g.} 46. Rh7 (46. Rc7 Bb4 47. Rxc3 Bxc3 {doesn't seem
to be winning for White.}) (46. Nxc5 Rxc5 47. Rh7 Rc2+ 48. Kg3 Re2 49. Rxh6
Rxe4 50. Rxf6 Ke7 51. Ra6 Kf7 {is a draw.}) 46... Bd6 47. Rxh6 Re3 48. Rh4 Re2+
49. Kg1 Ke7 50. Rh7+ (50. h3 Bg3 51. Rg4 Be5 52. Kf1 Rh2 53. h4 Kd6 54. Kg1 Re2
{kind of holds:} 55. Nd8 Bd4+ 56. Kh1 Re1+ 57. Kg2 Re2+ 58. Kf1 Rf2+ 59. Ke1
Rh2 $132) (50. Nd4 Rb2 51. Rh7+ Ke8 $132) 50... Ke8 51. h4 Rxe4 52. h5 Re1+ 53.
Kf2 Re5 54. Kg2 Re2+ 55. Kf3 Re5 56. h6 Rxf5+ 57. Kg4 Rf1 58. Rg7 f5+ 59. Kg5
Be7+ 60. Kg6 Rg1+ 61. Kh7 Re1 62. Nc7+ Kf8 $11) 43... a5 44. Nxg7+ Kd8 45. Ne6+
Ke8 46. c6 Bd6 47. Rc8+ Ke7 48. h4 Be5 49. c7 h5 50. Kf2 a4 51. Ke2 a3 52. Ra8
(52. Kd2 Rc4 53. Ra8 Bxc7 54. Ra7 Kd7 55. Kd3 Rc1 56. Rxa3 Be5 57. Nf8+ Kc6 58.
Ng6 Bd6 59. Rc3+ Rxc3+ 60. Kxc3 Kc5 61. Kd3 Bg3 62. Ke3 Kd6 {seems to hold.})
52... Bxc7 53. Nxc7 (53. Ra7 Kd6 $11) 53... Rxc7 54. Rxa3 Rc2+ 55. Ke3 Rh2 56.
Ra7+ Kf8 57. Kd4 Rxh4 58. Kd5 Rf4 (58... Kg8 $5) 59. Ke6 Rxe4+ 60. Kxf6 h4
1/2-1/2